000 00879nam a2200277 i 4500
003 CO-BoRNBP
005 20250115155355.0
007 ta
008 250115s2022 Uy a|||| |||| 00| 0 spa d
020 _a9789915651132
040 _aCO-BoRNBP
_bspa
_cCO-BoRNBP
_erda
041 _aspa
084 _aC CUE
245 _aEn el corazón de la jungla
_bToco y aprendo suaves texturas/
_cLatinbooks
250 _aPrimera edición
264 4 _aMontevideo, Uruguay,
_b©Latinbooks International S.A.
_c2022
300 _a1O páginas,
_bilustraciones a color, suaves texturas de silicona,
_calto 18 cm
336 _2rdacontent
_atexto
_btxt
337 _2rdamedia
_asin mediación
_bn
338 _2rdacarrier
_avolumen
_bnc
490 _aToco y Aprendo
650 _2LEMB
_aCuento infantil
_916411
650 _2LEMB
_aJungla
_957523
650 _2LEMB
_aanimales
942 _2ddc
_cBKINF
999 _c56741
_d56741